| 000 | 01396nam a2200241Ia 4500 | ||
|---|---|---|---|
| 003 | Ost | ||
| 005 | 20260507075541.0 | ||
| 008 | 260507s9999||||xx |||||||||||||| ||und|| | ||
| 020 | _a9957164027 | ||
| 040 | _cfsecg | ||
| 041 | _aara | ||
| 082 | _a519.53 | ||
| 100 |
_aالأشقر، أحمد مصطفى _eمؤلف |
||
| 245 | 0 |
_aمقدمة في الإحصاء : _bمفاهيم و طرائق / _c أحمد مصطفى الأشقر |
|
| 250 | _aطبعة 7 | ||
| 260 |
_aعمان: _bدار الثقافة للنشر والتوزيع, _c2020 |
||
| 300 |
_a371 صفحة؛ _bإيضاحات ؛ _c24 سم |
||
| 504 | _aالمراجع ص.350 الكتاب علمي ومحكم تنطبق عليه معايير البحث المنشور | ||
| 520 | _aيضم هذا الكتاب الإحصاء والبيانات الإحصائية، مقاييس التوضع المركزي، مقاييس التشتت ومقاييس شكل التوزيع، المدخل إلى نظرية الإحتمال، المتحولات العشوائية، العينة، نظرية التقدير،اختبار الفرضيات، العلاقة بين متحولين الإنحدار والإرتباط، استعمال الحاسوب في معالجة المسائل الإحصائية. | ||
| 653 | _aالإحصاء - المعاملات الإرتباطية | ||
| 653 | _aالإحصاء الوصفي | ||
| 942 | _cكتاب | ||
| 999 |
_c44868 _d44868 |
||